000 00402nam a2200145 i 4500
001 30080
003 ES-MaACL
007 t|
008 030123s1969 mx ||||1| spa d
100 1 _aBarroso, Mateo H.
_926065
245 1 3 _aLa IX sinfonía de Beethoven /
_cpor Mateo H. Barroso.
260 _aMéxico :
_b[s.n.,
_c1969]
300 _a219 p. :
_bil. ;
_c18 cm.
852 _aES-MaACL
_jE-8975
_bR.93597
999 _c30080
_d30080